| 000 | 01192 a2200205 4500 | ||
|---|---|---|---|
| 001 | 54612 | ||
| 005 | 20260407155820.0 | ||
| 008 | 260407a1980 arg spa d | ||
| 003 | AR-UNSa-BCEJYS | ||
| 040 |
_aAR-UNSa-BCEJYS _bspa _cAR-UNSa-BCEJYS |
||
| 080 |
_a342.1 _xEstado. Pueblo. Nación. Poder del estado (Derecho político) |
||
| 245 | 1 | 0 |
_aIntroducción a la Teoría del Estado _pfundamentos históricos de la legitimidad del estado constitucional democrático |
| 264 | 1 |
_aBuenos Aires : _bEdiciones Depalma _c1980 |
|
| 300 |
_a497 p. _c23 cm. |
||
| 505 | _aPrimera Parte: 1. Legitimidad – 2. Soberanía – 3. Soberanía externa - - Segunda Parte: 1. Dominio del derecho – 2. Las raíces del estado constitucional en Inglaterra del siglo XVII – 3. Derechos humanos y división de poderes – 4. Parlamentarismo – 5. Estado constitucional - - Tercera Parte: 1. Soberanía del pueblo – 2. Soberanía del pueblo e identidad ejemplificadas en las dos revoluciones francesas de 1789 y 1792 – 3 Estado y sociedad en Alemania – 4. Democracia y libertad. | ||
| 942 | _cBK | ||
| 590 | _aniveau_biblio:m niveau_hierar:0 | ||
| 100 | 1 | _aKriele, Martin | |
| 700 | 1 | _aBulygin, Eugenio | |
| 999 |
_c5686 _d5686 |
||